| 000 | 00580nam a2200205 u 4500 | ||
|---|---|---|---|
| 005 | 20210223132844.0 | ||
| 008 | 160302s2003 r 000 0 eng d | ||
| 020 | _a8484411869 | ||
| 035 | _aUPN01000208642 | ||
| 049 | _aCG | ||
| 050 | 4 |
_aPC3942.32 A4.4 _bS5.6 |
|
| 100 | 1 |
_aVallbona, Rafael, _d1960- _938785 |
|
| 245 | 1 | 0 |
_aSin salida / _cRafael Vallbona ; tr. de Carlos Andreu. |
| 260 |
_aBarcelona, Esp. : _bMontena, _c2003. |
||
| 300 | _a186 p. | ||
| 440 | 0 | _aAlmas rebeldes | |
| 650 | 4 |
_aNOVELA CATALANA _916449 |
|
| 650 | 4 |
_aLITERATURA CATALANA _916413 |
|
| 905 | _aLibro | ||
| 999 |
_c180743 _d180743 |
||